40 meistgesprochene Sprachen (anhand der Gesamtsprecher) - Statistiken

Allgemein
  • Dieses Quiz wurde 4 mal gespielt
  • Das Durchschnittsergebnis liegt bei 20 aus 40
Antwortstatistiken
Rang Gesamtsprecher Sprache % Korrekt
12. 160 Mio. Deutsch
100%
1. 1.453 Mio. Englisch
100%
5. 274 Mio. Französisch
100%
6. 274 Mio. Hocharabisch
100%
11. 199 Mio. Indonesisch
100%
29. 68 Mio. Italienisch
100%
13. 125 Mio. Japanisch
100%
23. 82 Mio. Koreanisch
100%
9. 258 Mio. Portugiesisch
100%
8. 258 Mio. Russisch
100%
4. 559 Mio. Spanisch
100%
33. 61 Mio. Thai
100%
17. 88 Mio. Türkisch
100%
7. 273 Mio. Bengalisch
67%
24. 77 Mio. Farsi
67%
3. 610 Mio. Hindi
67%
19. 86 Mio. Kantonesisch
67%
2. 1.118 Mio. Mandarin-Chinesisch
67%
21. 82 Mio. Tagalog
67%
20. 86 Mio. Vietnamesisch
67%
38. 50 Mio. Min Nan Chinesisch
33%
37. 50 Mio. Polnisch
33%
27. 71 Mio. Swahili
33%
18. 86 Mio. Tamil
33%
10. 231 Mio. Urdu
33%
22. 82 Mio. Wu-Chinesisch
33%
40. 46 Mio. Yoruba
33%
26. 75 Mio. Ägyptisch-Arabisch
0%
34. 58 Mio. Amharisch
0%
35. 53 Mio. Bhojpuri
0%
32. 62 Mio. Gujarati
0%
25. 77 Mio. Hausa
0%
28. 68 Mio. Javanisch
0%
39. 47 Mio. Jin-Chinesisch
0%
31. 62 Mio. Kannada
0%
15. 99 Mio. Marathi
0%
14. 121 Mio. Nigerianisches Pidgin
0%
36. 52 Mio. Ostpanjabi
0%
16. 96 Mio. Telugu
0%
30. 66 Mio. Westpanjabi
0%
Keine übereinstimmenden Quizze gefunden
Verteilung der Resultate
Anzahl Personen mit jedem Resultat
Perzentil nach korrekt beantworteten Fragen
Ihre Resultats-Entwicklung
Sie haben dieses Quiz noch nicht gespielt